00446nam a22001457a 4500008004100000020001800041041000800059080000800067100000700075101000800082245006900090942001200159999001700171952011200188181217b xxu||||| |||| 00| 0 eng d a9780415167093 aeng a316 a50 aSOC aSocial Perspective In Lesbian And Gay StudiescPeter.M.N 2udccBK c53190d53190 00102udc40708PËKGa002b002cPËKGd2018-12-17l0o316 PETp002-3020481r2018-12-17w2018-12-17yBK